000 00743nam a2200241Ia 4500
003 OSt
005 20221006140538.0
006 a|||||r|||| 00| 0
007 ta
008 221006b |||||||| |||| 00| 0 eng d
024 _a37
037 _b340, 18/11/1997, Elite Pub. Dists.
_cAnnuals, Advances
040 _aEASL
_cEASL
_beng
041 _2eng
_aeng
082 _aX7:3.41, N6
100 _aMcKINLEY Terry
_9286022
245 0 _aDistribution in wealth in rural China
260 _aNew York
_bM.E. Sharpe
_c1996
300 _a215p.
_ccm.
490 _v CEL
_aSocialism and Social Movements
942 _hX7:3.41, N6
_cREF
_2CC
999 _c1068126
_d1068126